Flüsse, die durch mehrere Hauptstädte fließen - Statistiken

Allgemein
  • Dieses Quiz wurde 327 mal gespielt
  • Das Durchschnittsergebnis liegt bei 3 aus 6
Antwortstatistiken
Fluss Hauptstädte % Korrekt
Donau WienBratislava Budapest Belgrad
99%
Nil JubaKhartum Kairo
67%
Kongo BrazzavilleKinshasa
48%
Mekong VientianePhnom Penh
41%
Niger BamakoNiamey
39%
Save LjubljanaZagreb Belgrad
8%
Keine übereinstimmenden Quizze gefunden
Verteilung der Resultate
Anzahl Personen mit jedem Resultat
Perzentil nach korrekt beantworteten Fragen
Ihre Resultats-Entwicklung
Sie haben dieses Quiz noch nicht gespielt